Vnitropodnikové účetnictví ; Autoři Bohumil Král, Eva Holínská, Jana Misterková, Marie Pospíšilová

Podrobná bibliografia
Hlavní autori: Král, Bohumil (Autor), Holínská, Eva, 1959- (Autor), Misterková, Jana (Autor), Pospíšilová, Marie (Autor)
Médium: Kniha
Jazyk:čeština
Fyzický popis:285 s. 30 cm
Vydavateľské údaje: Praha Vysoká škola ekonomická 1993
ISBN:8070798319
Vydanie:1. vyd.

MARC

LEADER 00000nam a2200000 a 4500
001 vtls001155345
003 SK-MaSNL
005 20260301194400.0
008 250414s1993 xr 0 cze
020 |a 8070798319 
035 |a SNK000098240 
040 |a SNK  |b slo  |c SNK  |e AACR2 
041 0 |a cze 
044 |a xr  |c CZ 
080 |a 657:65.01(075.8)  |2 1981 
080 |a 65.01(075.8)  |2 1981 
245 0 0 |a Vnitropodnikové účetnictví ; Autoři Bohumil Král, Eva Holínská, Jana Misterková, Marie Pospíšilová 
250 |a 1. vyd. 
260 |a Praha  |b Vysoká škola ekonomická  |c 1993 
300 |a 285 s.  |c 30 cm 
700 1 |a Král, Bohumil  |4 aut  |9 530671 
700 1 |a Holínská, Eva,  |d 1959-  |4 aut  |9 48128 
700 1 |a Misterková, Jana  |4 aut  |9 574878 
700 1 |a Pospíšilová, Marie  |4 aut  |9 454846 
852 |a Slovenská národná knižnica 
919 |a 80-7079-831-9 
954 |a účtovníctvo vnútropodnikové 
999 |c 881639  |d 883569 
952 |t P60, <04>, [BOOK], {604}  |a SNK  |b SNK  |y VYP  |7 0  |p 17A0027258  |o snkIB 68877  |0 0  |1 0  |4 0  |d 1996-12-14  |l 0  |r 2005-01-01 00:00:00  |w 2026-02-24